000 00211 a2200097 4500
001 2404
100 _aDubridge, LA
245 _aIntroduction to space
260 _a
_bColumbia University
_c
090 _c1746
_d1746
942 _aNUST-CAE
_cM
_c8291
999 _c237477
_d237477